000 00417nam a22001577a 4500
999 _c17991
_d17991
008 191018b xxu||||| |||| 00| 0 eng d
020 _a8126563722
050 _aHF5635
_b.W49 2015 c.1
100 _aWeygandt, Kimmel Kieso
245 _aFinancial and Managerial Accounting
250 _a2nd ed.
260 _aNew Delhi
_bWiley
_c2015
300 _a1 vol (various paging)
650 _aAccounting
942 _2lcc
_cBK